000
00260nam a2200109Ia 4500
008
221007s9999 xx 000 0 und d
041
_a
eng
100
_a
Apr-06
_9
96882
245
_a
PC Quest: Live linux CD
260
_b
Cyber media Ind. Ltd.
906
_b
General
999
_c
61343
_d
61343